Deutsche Großstädte 2020 - Statistiken

Allgemein
  • Dieses Quiz wurde 455 mal gespielt
  • Das Durchschnittsergebnis liegt bei 61 aus 80
Antwortstatistiken
Hint Antwort % Korrekt
3.664.088 Berlin
100%
764.104 Frankfurt am Main
98%
1.852.478 Hamburg
98%
1.083.498 Köln
98%
1.488.202 München
98%
620.523 Düsseldorf
97%
597.493 Leipzig
96%
630.305 Stuttgart
96%
556.227 Dresden
94%
566.573 Bremen
93%
587.696 Dortmund
93%
534.049 Hannover
93%
515.543 Nürnberg
93%
582.415 Essen
92%
246.601 Kiel
92%
217.123 Mainz
88%
295.830 Augsburg
87%
309.721 Mannheim
87%
209.061 Rostock
87%
230.940 Freiburg im Breisgau
86%
495.885 Duisburg
85%
235.775 Magdeburg
85%
182.112 Potsdam
85%
179.349 Saarbrücken
85%
364.454 Bochum
84%
330.579 Bonn
84%
213.692 Erfurt
84%
308.436 Karlsruhe
84%
278.609 Wiesbaden
84%
123.840 Wolfsburg
83%
248.878 Aachen
82%
110.731 Jena
82%
333.509 Bielefeld
81%
248.561 Braunschweig
81%
244.401 Chemnitz
80%
259.105 Gelsenkirchen
78%
237.865 Halle (Saale)
78%
136.952 Ingolstadt
78%
215.846 Lübeck
78%
126.405 Ulm
78%
259.665 Mönchengladbach
77%
316.403 Münster
77%
164.223 Osnabrück
77%
152.270 Regensburg
77%
355.004 Wuppertal
77%
126.954 Würzburg
77%
128.223 Fürth
75%
201.048 Kassel
75%
163.905 Leverkusen
74%
169.605 Oldenburg
74%
151.864 Paderborn
74%
158.741 Heidelberg
73%
110.674 Trier
73%
113.557 Bremerhaven
71%
159.174 Darmstadt
71%
113.388 Koblenz
71%
172.557 Ludwigshafen am Rhein
70%
178.967 Hamm
69%
209.566 Oberhausen
69%
112.385 Erlangen
67%
130.892 Offenbach am Main
67%
116.845 Göttingen
63%
156.940 Herne
63%
226.844 Krefeld
63%
188.687 Hagen
60%
126.458 Heilbronn
60%
111.636 Bergisch Gladbach
59%
170.921 Mülheim an der Ruhr
59%
153.109 Neuss
59%
159.193 Solingen
59%
110.705 Recklinghausen
58%
103.487 Moers
53%
116.031 Reutlingen
53%
111.516 Remscheid
52%
117.388 Bottrop
51%
126.016 Pforzheim
51%
101.055 Hildesheim
49%
103.866 Salzgitter
47%
101.943 Siegen
43%
100.664 Gütersloh
40%
Keine übereinstimmenden Quizze gefunden
Verteilung der Resultate
Anzahl Personen mit jedem Resultat
Perzentil nach korrekt beantworteten Fragen
Ihre Resultats-Entwicklung
Sie haben dieses Quiz noch nicht gespielt